000 00787cam a2200253 a 4500
003 CHAP
005 20220329142339.0
008 000830c1998 mx r 00010 spa d
010 _a82127
011 _a83099
035 _a93608
040 _cCHAP
090 _aR-3702
100 0 0 _aRzedowski Rotter, Jerzy.
_9101052
245 1 0 _aDos especies de Ambrosia (Compositae, Helianthea) adventicias en el centro de México
_c/por Jerzy Rzedowski
500 _aSobretiro de : Acta bótanica mexicana (43) : 57-66, 1998.
590 _aBATCH-UPD
_b10
_c20130110
_lUCH01
_h0737
590 _aCONVERSION
_b10
_c20130109
_lUCH01
_h1346
650 1 4 _aAmbrosia.
_95204
901 _aBK
905 _aLilia Sánchez G.
942 _cREIMP
949 _aR-3702
_bBC
_cR
_d33724002016660
_eTS1
_i93608
_sb
999 _c82127
_d82127